Alberto Corazón, diseñador / (Record no. 15929)

MARC details
000 -LEADER
campo de control de longitud fija 00750nam a2200229 i 4500
001 - NÚMERO DE CONTROL
campo de control 15929
003 - IDENTIFICADOR DE NÚMERO DE CONTROL
campo de control ES-MaACL
005 - FECHA Y HORA DE LA ÚLTIMA TRANSACCIÓN
campo de control 20230906151210.0
007 - CAMPO FIJO DE DESCRIPCIÓN FÍSICA--INFORMACIÓN GENERAL
campo de control de longitud fija t|
008 - DATOS DE LONGITUD FIJA--INFORMACIÓN GENERAL
campo de control de longitud fija 000519s1999 sp a |||| | spa d
020 ## - NÚMERO INTERNACIONAL ESTÁNDAR DEL LIBRO
Número Internacional Estándar del Libro 84-95183-30-7
020 ## - NÚMERO INTERNACIONAL ESTÁNDAR DEL LIBRO
Número Internacional Estándar del Libro 84-451-1686-X
080 ## - NÚMERO DE LA CLASIFICACIÓN DECIMAL UNIVERSAL
Número de la Clasificación Decimal Universal 7 Corazón, Alberto
245 00 - MENCIÓN DEL TÍTULO
Título Alberto Corazón, diseñador /
Mención de responsabilidad, etc. [Alberto Corazón ... et al.].
260 ## - PUBLICACIÓN, DISTRIBUCIÓN, ETC.
Lugar de publicación, distribución, etc. Madrid :
Nombre del editor, distribuidor, etc. Consejería de Educación,
Fecha de publicación, distribución, etc. [1999]
300 ## - DESCRIPCIÓN FÍSICA
Extensión 2 v. :
Otras características físicas il. col. ;
Dimensiones 26 cm.
505 8# - NOTA DE CONTENIDO CON FORMATO
Nota de contenido con formato 1. Símbolos y objetos -- 2. Libros, carteles, imágenes
600 14 - PUNTO DE ACCESO ADICIONAL DE MATERIA--NOMBRE DE PERSONA
Nombre de persona Corazón, Alberto.
9 (RLIN) 40446
700 1# - ENTRADA AGREGADA--NOMBRE PERSONAL
Nombre de persona Corazón, Alberto.
9 (RLIN) 40446
710 1# - ENTRADA AGREGADA--NOMBRE DE ENTIDAD CORPORATIVA
Nombre de entidad corporativa o nombre de jurisdicción como elemento de entrada Madrid (Comunidad Autónoma).
Unidad subordinada Consejería de Educación.
9 (RLIN) 5600
852 ## - LOCALIZACIÓN
Ubicación ES-MaACL
Número de control de estantería L-22821-22
Holdings
Estatus retirado Estado de pérdida Estado de daño No para préstamo Biblioteca de origen Biblioteca actual Ubicación en estantería Fecha de adquisición Fuente de adquisición Total de préstamos Signatura topográfica completa Código de barras Visto por última vez Precio de reemplazo Tipo de ítem Koha
        Biblioteca del Ateneo de Madrid Biblioteca del Ateneo de Madrid Depósito 2 17/01/2008     L-22821-22 1016190 23/02/2023 23/02/2023 Libro impreso